<?xml version="1.0" encoding="UTF-8"?>
<record
    xmlns:xsi="http://www.w3.org/2001/XMLSchema-instance"
    xsi:schemaLocation="http://www.loc.gov/MARC21/slim http://www.loc.gov/standards/marcxml/schema/MARC21slim.xsd"
    xmlns="http://www.loc.gov/MARC21/slim">

  <leader>03547nam a22004337a 4500</leader>
  <controlfield tag="005">20081030110339.0</controlfield>
  <controlfield tag="008">081030t        xxu||||| |||| 00| 0 hin d</controlfield>
  <datafield tag="010" ind1=" " ind2=" ">
    <subfield code="a">HIN-84552        B-322352-357</subfield>
  </datafield>
  <datafield tag="020" ind1=" " ind2=" ">
    <subfield code="a">9788126715749</subfield>
    <subfield code="c">400.00</subfield>
  </datafield>
  <datafield tag="035" ind1=" " ind2=" ">
    <subfield code="a">HN-56898</subfield>
  </datafield>
  <datafield tag="035" ind1=" " ind2=" ">
    <subfield code="a">B-322352-357</subfield>
  </datafield>
  <datafield tag="035" ind1=" " ind2=" ">
    <subfield code="a">B-358176</subfield>
  </datafield>
  <datafield tag="037" ind1=" " ind2=" ">
    <subfield code="b">DBAD / PUB</subfield>
  </datafield>
  <datafield tag="037" ind1=" " ind2=" ">
    <subfield code="b">&#x930;&#x93E;&#x91C;&#x915;&#x92E;&#x932; &#x92A;&#x94D;&#x930;&#x915;&#x93E;&#x936;&#x928;</subfield>
  </datafield>
  <datafield tag="040" ind1=" " ind2=" ">
    <subfield code="a">DPL</subfield>
    <subfield code="b">HN</subfield>
  </datafield>
  <datafield tag="082" ind1=" " ind2=" ">
    <subfield code="a">338.47669142</subfield>
  </datafield>
  <datafield tag="100" ind1=" " ind2=" ">
    <subfield code="a">&#x906;&#x930;.&#x90F;&#x92E;.&#x932;&#x93E;&#x932;&#x93E;</subfield>
  </datafield>
  <datafield tag="245" ind1=" " ind2=" ">
    <subfield code="a">&#x91F;&#x93E;&#x91F;&#x93E; &#x938;&#x94D;&#x91F;&#x940;&#x932; &#x915;&#x93E; &#x930;&#x94B;&#x92E;&#x93E;&#x902;&#x938; /</subfield>
    <subfield code="c">&#x906;&#x930;. &#x90F;&#x92E;. &#x932;&#x93E;&#x932;&#x93E; ; &#x92F;&#x941;&#x917;&#x93E;&#x902;&#x915; &#x927;&#x940;&#x930; &#x926;&#x94D;&#x935;&#x93E;&#x930;&#x93E; &#x905;&#x928;&#x941;&#x926;&#x93F;&#x924;</subfield>
  </datafield>
  <datafield tag="246" ind1=" " ind2=" ">
    <subfield code="a">Tata steel kaa romance</subfield>
    <subfield code="b">by R.M.Lala</subfield>
  </datafield>
  <datafield tag="260" ind1=" " ind2=" ">
    <subfield code="a">&#x928;&#x908; &#x926;&#x93F;&#x932;&#x94D;&#x932;&#x940;</subfield>
    <subfield code="b">&#x930;&#x93E;&#x91C;&#x915;&#x92E;&#x932; &#x92A;&#x94D;&#x930;&#x915;&#x93E;&#x936;&#x928;</subfield>
    <subfield code="c">2008</subfield>
  </datafield>
  <datafield tag="270" ind1=" " ind2=" ">
    <subfield code="a">1-&#x92C;&#x940;, &#x928;&#x947;&#x924;&#x93E;&#x91C;&#x940; &#x938;&#x941;&#x92D;&#x93E;&#x937; &#x92E;&#x93E;&#x930;&#x94D;&#x917;</subfield>
    <subfield code="b">&#x928;&#x908; &#x926;&#x93F;&#x932;&#x94D;&#x932;&#x940;</subfield>
    <subfield code="e">110002</subfield>
  </datafield>
  <datafield tag="300" ind1=" " ind2=" ">
    <subfield code="a">246&#x92A;&#x943;</subfield>
    <subfield code="c">22&#x938;&#x947;&#x92E;&#x940; (&#x938;&#x91C;&#x93F;&#x932;&#x94D;&#x926;)</subfield>
    <subfield code="b">&#x938;&#x91A;&#x93F;&#x924;&#x94D;&#x930;</subfield>
  </datafield>
  <datafield tag="610" ind1=" " ind2=" ">
    <subfield code="a">&#x91F;&#x93E;&#x91F;&#x93E; &#x906;&#x908;&#x930;&#x928; &#x90F;&#x923;&#x94D;&#x921; &#x938;&#x94D;&#x91F;&#x940;&#x932; &#x915;&#x92E;&#x94D;&#x92A;&#x928;&#x940;</subfield>
    <subfield code="x">&#x907;&#x924;&#x93F;&#x939;&#x93E;&#x938;</subfield>
  </datafield>
  <datafield tag="650" ind1=" " ind2=" ">
    <subfield code="a">Tata Iron and Steel Company</subfield>
    <subfield code="x">History</subfield>
  </datafield>
  <datafield tag="650" ind1=" " ind2=" ">
    <subfield code="a">&#x938;&#x94D;&#x91F;&#x940;&#x932; &#x909;&#x926;&#x94D;&#x92F;&#x94B;&#x917; &#x90F;&#x935;&#x902; &#x935;&#x94D;&#x92F;&#x93E;&#x92A;&#x93E;&#x930;</subfield>
    <subfield code="x">&#x907;&#x924;&#x93F;&#x939;&#x93E;&#x938;</subfield>
    <subfield code="z">&#x92D;&#x93E;&#x930;&#x924;</subfield>
  </datafield>
  <datafield tag="650" ind1=" " ind2=" ">
    <subfield code="a">Steel industry and trade</subfield>
    <subfield code="x">History</subfield>
    <subfield code="z">India</subfield>
  </datafield>
  <datafield tag="700" ind1=" " ind2=" ">
    <subfield code="a">&#x92F;&#x941;&#x917;&#x93E;&#x902;&#x915; &#x927;&#x940;&#x930;</subfield>
  </datafield>
  <datafield tag="942" ind1=" " ind2=" ">
    <subfield code="2">ddc</subfield>
    <subfield code="c">HN</subfield>
    <subfield code="m">&#x932;&#x93E;&#x932;&#x93E;&#x906;</subfield>
    <subfield code="h">338.47669142</subfield>
  </datafield>
  <datafield tag="999" ind1=" " ind2=" ">
    <subfield code="c">17317</subfield>
    <subfield code="d">17317</subfield>
  </datafield>
  <datafield tag="952" ind1=" " ind2=" ">
    <subfield code="0">0</subfield>
    <subfield code="1">0</subfield>
    <subfield code="2">ddc</subfield>
    <subfield code="4">0</subfield>
    <subfield code="7">1</subfield>
    <subfield code="8">NFIC</subfield>
    <subfield code="a">DBAD</subfield>
    <subfield code="b">DBAD</subfield>
    <subfield code="d">2008-10-30</subfield>
    <subfield code="e">DBAD / PUB</subfield>
    <subfield code="g">400.00</subfield>
    <subfield code="l">0</subfield>
    <subfield code="o">338.47669142 &#x932;&#x93E;&#x932;&#x93E;&#x906;</subfield>
    <subfield code="p">HN-56898</subfield>
    <subfield code="r">2008-10-30 00:00:00</subfield>
    <subfield code="t">1</subfield>
    <subfield code="v">400.00</subfield>
    <subfield code="w">2008-10-30</subfield>
    <subfield code="y">HN</subfield>
  </datafield>
  <datafield tag="952" ind1=" " ind2=" ">
    <subfield code="0">0</subfield>
    <subfield code="1">0</subfield>
    <subfield code="2">ddc</subfield>
    <subfield code="4">0</subfield>
    <subfield code="7">0</subfield>
    <subfield code="8">NFIC</subfield>
    <subfield code="a">L</subfield>
    <subfield code="b">L</subfield>
    <subfield code="d">2009-07-29</subfield>
    <subfield code="e">4492/23.3.09/716/13.3.09/23.3.09</subfield>
    <subfield code="g">400.00</subfield>
    <subfield code="l">0</subfield>
    <subfield code="o">338.47669142 &#x932;&#x93E;&#x932;&#x93E;&#x906;</subfield>
    <subfield code="p">B-322352</subfield>
    <subfield code="r">2009-07-29 00:00:00</subfield>
    <subfield code="t">1</subfield>
    <subfield code="v">400.00</subfield>
    <subfield code="w">2009-07-29</subfield>
    <subfield code="y">HN</subfield>
  </datafield>
  <datafield tag="952" ind1=" " ind2=" ">
    <subfield code="0">0</subfield>
    <subfield code="1">0</subfield>
    <subfield code="2">ddc</subfield>
    <subfield code="4">0</subfield>
    <subfield code="7">0</subfield>
    <subfield code="8">NFIC</subfield>
    <subfield code="a">BL1</subfield>
    <subfield code="b">BL1</subfield>
    <subfield code="d">2009-07-29</subfield>
    <subfield code="e">4492/23.3.09/716/13.3.09/23.3.09</subfield>
    <subfield code="g">400.00</subfield>
    <subfield code="l">0</subfield>
    <subfield code="o">338.47669142 &#x932;&#x93E;&#x932;&#x93E;&#x906;</subfield>
    <subfield code="p">B-322353</subfield>
    <subfield code="r">2009-07-29 00:00:00</subfield>
    <subfield code="t">1</subfield>
    <subfield code="v">400.00</subfield>
    <subfield code="w">2009-07-29</subfield>
    <subfield code="y">HN</subfield>
  </datafield>
  <datafield tag="952" ind1=" " ind2=" ">
    <subfield code="0">0</subfield>
    <subfield code="1">0</subfield>
    <subfield code="2">ddc</subfield>
    <subfield code="4">0</subfield>
    <subfield code="7">0</subfield>
    <subfield code="8">NFIC</subfield>
    <subfield code="a">ZLS</subfield>
    <subfield code="b">ZLS</subfield>
    <subfield code="d">2009-07-29</subfield>
    <subfield code="e">4492/23.3.09/716/13.3.09/23.3.09</subfield>
    <subfield code="g">400.00</subfield>
    <subfield code="l">1</subfield>
    <subfield code="o">338.47669142 &#x932;&#x93E;&#x932;&#x93E;&#x906;</subfield>
    <subfield code="p">B-322354</subfield>
    <subfield code="r">2019-09-23 00:00:00</subfield>
    <subfield code="s">2019-09-09</subfield>
    <subfield code="t">1</subfield>
    <subfield code="v">400.00</subfield>
    <subfield code="w">2009-07-29</subfield>
    <subfield code="y">HN</subfield>
  </datafield>
  <datafield tag="952" ind1=" " ind2=" ">
    <subfield code="0">0</subfield>
    <subfield code="1">0</subfield>
    <subfield code="2">ddc</subfield>
    <subfield code="4">0</subfield>
    <subfield code="7">0</subfield>
    <subfield code="8">NFIC</subfield>
    <subfield code="a">VP</subfield>
    <subfield code="b">VP</subfield>
    <subfield code="d">2009-07-29</subfield>
    <subfield code="e">4492/23.3.09/716/13.3.09/23.3.09</subfield>
    <subfield code="g">400.00</subfield>
    <subfield code="l">4</subfield>
    <subfield code="o">338.47669142 &#x932;&#x93E;&#x932;&#x93E;&#x906;</subfield>
    <subfield code="p">B-322355</subfield>
    <subfield code="r">2016-06-28 00:00:00</subfield>
    <subfield code="s">2016-06-13</subfield>
    <subfield code="t">1</subfield>
    <subfield code="v">400.00</subfield>
    <subfield code="w">2009-07-29</subfield>
    <subfield code="y">HN</subfield>
  </datafield>
  <datafield tag="952" ind1=" " ind2=" ">
    <subfield code="0">0</subfield>
    <subfield code="1">0</subfield>
    <subfield code="2">ddc</subfield>
    <subfield code="4">0</subfield>
    <subfield code="7">0</subfield>
    <subfield code="8">NFIC</subfield>
    <subfield code="a">BL3</subfield>
    <subfield code="b">BL3</subfield>
    <subfield code="d">2009-07-29</subfield>
    <subfield code="e">4492/23.3.09/716/13.3.09/23.3.09</subfield>
    <subfield code="g">400.00</subfield>
    <subfield code="l">0</subfield>
    <subfield code="o">338.47669142 &#x932;&#x93E;&#x932;&#x93E;&#x906;</subfield>
    <subfield code="p">B-322356</subfield>
    <subfield code="r">2009-07-29 00:00:00</subfield>
    <subfield code="t">1</subfield>
    <subfield code="v">400.00</subfield>
    <subfield code="w">2009-07-29</subfield>
    <subfield code="y">HN</subfield>
  </datafield>
  <datafield tag="952" ind1=" " ind2=" ">
    <subfield code="0">0</subfield>
    <subfield code="1">0</subfield>
    <subfield code="2">ddc</subfield>
    <subfield code="4">0</subfield>
    <subfield code="7">0</subfield>
    <subfield code="8">NFIC</subfield>
    <subfield code="a">BL4</subfield>
    <subfield code="b">BL4</subfield>
    <subfield code="d">2009-07-29</subfield>
    <subfield code="e">4492/23.3.09/716/13.3.09/23.3.09</subfield>
    <subfield code="g">400.00</subfield>
    <subfield code="l">0</subfield>
    <subfield code="o">338.47669142 &#x932;&#x93E;&#x932;&#x93E;&#x906;</subfield>
    <subfield code="p">B-322357</subfield>
    <subfield code="r">2009-07-29 00:00:00</subfield>
    <subfield code="t">1</subfield>
    <subfield code="v">400.00</subfield>
    <subfield code="w">2009-07-29</subfield>
    <subfield code="y">HN</subfield>
  </datafield>
  <datafield tag="952" ind1=" " ind2=" ">
    <subfield code="0">1</subfield>
    <subfield code="1">0</subfield>
    <subfield code="2">ddc</subfield>
    <subfield code="4">0</subfield>
    <subfield code="7">0</subfield>
    <subfield code="8">NFIC</subfield>
    <subfield code="a">JP</subfield>
    <subfield code="b">JP</subfield>
    <subfield code="d">2009-09-14</subfield>
    <subfield code="e">8091/8.9.09/128/4.9.08/11.9.09</subfield>
    <subfield code="g">400.00</subfield>
    <subfield code="l">32</subfield>
    <subfield code="m">5</subfield>
    <subfield code="o">338.47669142 &#x932;&#x93E;&#x932;&#x93E;&#x906;</subfield>
    <subfield code="p">B-358176</subfield>
    <subfield code="r">2016-08-20 00:00:00</subfield>
    <subfield code="s">2016-08-13</subfield>
    <subfield code="t">1</subfield>
    <subfield code="v">400.00</subfield>
    <subfield code="w">2009-09-14</subfield>
    <subfield code="y">HN</subfield>
  </datafield>
</record>
